Encomienda y mita en Nueva Granada en el siglo XVIII / (Registro nro. 136149)

Detalles MARC
000 -LEADER
campo de control de longitud fija 00710nam a2200193 4500
001 - NÚMERO DE CONTROL
campo de control 136149
003 - IDENTIFICADOR DE NÚMERO DE CONTROL
campo de control ES-MaACL
005 - FECHA Y HORA DE LA ÚLTIMA TRANSACCIÓN
campo de control 20250801000101.0
007 - CAMPO FIJO DE DESCRIPCIÓN FÍSICA--INFORMACIÓN GENERAL
campo de control de longitud fija t|
008 - DATOS DE LONGITUD FIJA--INFORMACIÓN GENERAL
campo de control de longitud fija 070214s1975 sp r ||||1| spa d
100 1# - ENTRADA PRINCIPAL--NOMBRE DE PERSONA
Nombre de persona Ruiz Rivera, Julián B.
9 (RLIN) 179044
245 10 - MENCIÓN DEL TÍTULO
Título Encomienda y mita en Nueva Granada en el siglo XVIII /
Mención de responsabilidad, etc. Julián B. Ruiz Rivera ; prólogo del Dr. D. Luis Navarro García.
260 ## - PUBLICACIÓN, DISTRIBUCIÓN, ETC.
Lugar de publicación, distribución, etc. Sevilla :
Nombre del editor, distribuidor, etc. Escuela de Estudios Hispano-americanos,
Fecha de publicación, distribución, etc. 1975.
300 ## - DESCRIPCIÓN FÍSICA
Extensión XXIX, 454 p. ;
Dimensiones 25 cm +
Material acompañante/anejo 2 map., 4 gráf.
700 1# - ENTRADA AGREGADA--NOMBRE PERSONAL
Nombre de persona Navarro García, Luis
9 (RLIN) 85126
710 2# - ENTRADA AGREGADA--NOMBRE DE ENTIDAD CORPORATIVA
Nombre de entidad corporativa o nombre de jurisdicción como elemento de entrada Escuela de Estudios Hispano-Americanos (Sevilla)
9 (RLIN) 134366
852 ## - LOCALIZACIÓN
Ubicación ES-MaACL
Número de control de estantería E-9107
Sublocalización o colección R.93320
Existencias
Estatus retirado Estado de pérdida Estado de daño No para préstamo Biblioteca de origen Biblioteca actual Ubicación en estantería Fecha de adquisición Fuente de adquisición Total de préstamos Signatura topográfica completa Código de barras Visto por última vez Precio de reemplazo Tipo de ítem Koha
        Biblioteca del Ateneo de Madrid Biblioteca del Ateneo de Madrid Depósito 2 17/01/2008     E-9107 1141698 23/02/2023 23/02/2023 Libro impreso